LEADER 00865nam a2200217 i 4500 001 000000246810 003 CaOOAMICUS 005 20151125000000.0 008 151125s1757 it u000 u ita u 013 $a225715 026 $a59o- a-ne ueto lagr (3) 1757 (R) 040 $aSeMil$bita 245 10$aTomo 6. 300 $a[4], 411, [1] p. 500 $aSegn. : pg2 A-2B8 2C6. 773 0 $aGallizia, Pietro Giacinto $tAtti de' santi, che fiorirono ne' dominj della reale Casa di Savoja, tratti da un codice manoscritto del canonico Piergiacinto Gallizia di Giaveno, ... Tomo 1. [-7.].$dTorino : Regia Stamperia, l'anno 1756.$g6$w()32847 850 $aSeMil 852 $aSeMil$W1$xVenegono$y1$m3J I 9 FA$j197156$B197156$CSeMilBibl$Z2$F208178 $8I 941 1 $a10 961 $aRecupero: Mantegazza 996 $6245$aTomo 6$9(OLS)http://semarc/title/194410 LEADER 01006nam a2200253 i 4500 001 000000205753 003 CaOOAMICUS 005 20220421143421.0 008 110901s1969 it u000 u ita u 013 $a184491 040 $aSeMil$bita 100 1 $aSantamaría, Haydée,$d<1922-1980>.$0(OLS)http://semarc/name/74037 245 12$aL'assalto al Moncada /$cHaydée Santamaría. 264 1$aRoma :$bSamonà e Savelli,$c1969. 300 $a49 p. ;$c19 cm. 490 1 $aCultura politica ;$v33 650 4$aCuba - Storia - Sec. 20.$0(OLS)http://semarc/subject/52150 650 4$aRivoluzione cubana <1953-1959>.$0(OLS)http://semarc/subject/52149 830 0$aCultura politica ;$v33.$0(OLS)http://semarc/title/18270 850 $aSeMil 852 $aSeMil$W1$xVenegono$y1$m3U I 352$j156247$B156247$CSeMilBibl$Z2$F167600 $81 996 $6245$aL'assalto al Moncada$9(OLS)http://semarc/title/297717 996 $6264$aRoma :$bSamonà e Savelli$9(OLS)http://semarc/publisher/31756